One Direction: Complete Discography - Statistics

General Stats
  • This quiz has been taken 37 times
  • The average score is 57 of 91
Answer Stats
Album Song % Correct
Up All Night Up All Night
94%
Up All Night What Makes You Beautiful
94%
Midnight Memories Midnight Memories
90%
Midnight Memories Best Song Ever
87%
Up All Night One Thing
87%
Midnight Memories Diana
81%
Made In The A.M. Drag Me Down
81%
Take Me Home Little Things
81%
Midnight Memories Story Of My Life
81%
Take Me Home Kiss You
77%
Take Me Home Live While We're Young
77%
Four Steal My Girl
77%
Up All Night I Want
74%
Made In The A.M. (Bonus) A.M.
71%
Made In The A.M. History
71%
Up All Night I Wish
71%
Four Night Changes
71%
Made In The A.M. Perfect
71%
Midnight Memories Strong
71%
Midnight Memories You & I
71%
Midnight Memories (Bonus) Alive
68%
Up All Night Gotta Be You
68%
Midnight Memories (Bonus) Half A Heart
68%
Midnight Memories Little Black Dress
68%
Midnight Memories Little White Lies
68%
Take Me Home Rock Me
68%
Take Me Home They Don't Know About Us
68%
Four 18
65%
Midnight Memories (Bonus) Does He Know?
65%
Midnight Memories Happily
65%
Made In The A.M. Infinity
65%
Take Me Home I Would
65%
Take Me Home Last First Kiss
65%
Made In The A.M. Olivia
65%
Four Stockholm Syndrome
65%
Midnight Memories Through The Dark
65%
Made In The A.M. (Bonus) Wolves
65%
Four (Bonus) Act My Age
61%
Take Me Home Back For You
61%
Midnight Memories Better Than Words
61%
Four (Bonus) Change Your Ticket
61%
Four Clouds
61%
Take Me Home C'mon, C'mon
61%
Take Me Home Heart Attack
61%
Take Me Home (Bonus) Loved You First
61%
Up All Night (Bonus) Moments
61%
Four No Control
61%
Take Me Home Over Again
61%
Midnight Memories Right Now
61%
Up All Night Taken
61%
Take Me Home Change My Mind
58%
Made In The A.M. End Of The Day
58%
Up All Night Everything About You
58%
Four Fireproof
58%
Four Fool's Gold
58%
Made In The A.M. (Bonus) Home
58%
Made In The A.M. If I Could Fly
58%
Made In The A.M. I Want To Write You A Song
58%
Take Me Home (Bonus) Magic
58%
Up All Night More Than This
58%
Up All Night (Bonus) Na Na Na
58%
Four Ready To Run
58%
Take Me Home (Bonus) She's Not Afraid
58%
Up All Night (Bonus) Stand Up
58%
Four Where Do Broken Hearts Go
58%
Up All Night (Bonus) Another World
55%
Four Girl Almighty
55%
Made In The A.M. Hey Angel
55%
Take Me Home (Bonus) Irresistible
55%
Midnight Memories (Bonus) One Way Or Another / Teenage Kicks
55%
Up All Night Same Mistakes
55%
Up All Night Save You Tonight
55%
Take Me Home (Bonus) Still The One
55%
Up All Night Stole My Heart
55%
Take Me Home Summer Love
55%
Made In The A.M. (Bonus) Temporary Fix
55%
Made In The A.M. What A Feeling
55%
Up All Night (Bonus) I Should Have Kissed You
52%
Four (Bonus) Once In A Lifetime
52%
Midnight Memories Something Great
52%
Up All Night Tell Me A Lie
52%
Take Me Home (Bonus) Truly Madly Deeply
52%
Made In The A.M. (Bonus) Walking In The Wind
52%
Midnight Memories (Bonus) Why Don't We Go There?
52%
Four (Bonus) Illusion
48%
Made In The A.M. Love You Goodbye
48%
Take Me Home (Bonus) Nobody Compares
48%
Four Spaces
48%
Made In The A.M. Never Enough
45%
Made In The A.M. Long Way Down
42%
Midnight Memories Don't Forget Where You Belond
6%
No matching quizzes found
Score Distribution
Percent of People with Each Score
Percentile by Number Answered
Your Score History
You have not taken this quiz